[Event "Groningen op 60th"]
[Site "Groningen"]
[Date "2024.12.30"]
[Round "9"]
[White "Ten Dam, Bram"]
[Black "Ivanov, Dmytro"]
[Result "1/2-1/2"]
[WhiteElo "2002"]
[BlackElo "2288"]
[PlyCount "41"]
[EventDate "2024.12.21"]
[EventType "swiss"]
[EventRounds "9"]
[EventCountry "NED"]
[SourceTitle "CB02_2025"]
[SourceDate "2025.01.08"]
[SourceVersion "1"]
[SourceVersionDate "2025.01.08"]
[SourceQuality "1"]

1. e4 c5 2. Nf3 e6 3. d4 cxd4 4. Nxd4 Nf6 5. Nc3 d6 6. Be3 a6 7. Be2 Nbd7 8. f4 Qc7 9. 0-0 b5 10. a3 Bb7 11. Bf3 Nc5 12. e5 dxe5 13. fxe5 Qxe5 14. Bf4 Bxf3 15. Rxf3 Qh5 16. Qf1 Ncd7 17. b4 h6 18. Re1 Rc8 19. Rh3 Qg4 20. Rg3 Qh5 21. Rh3 1/2-1/2

[Event "Groningen op 60th"]
[Site "Groningen"]
[Date "2024.12.28"]
[Round "7"]
[White "Ivanov, Dmytro"]
[Black "Kanis, Sierk"]
[Result "0-1"]
[WhiteElo "2288"]
[BlackElo "2116"]
[PlyCount "80"]
[EventDate "2024.12.21"]
[EventType "swiss"]
[EventRounds "9"]
[EventCountry "NED"]
[SourceTitle "CB02_2025"]
[SourceDate "2025.01.08"]
[SourceVersion "1"]
[SourceVersionDate "2025.01.08"]
[SourceQuality "1"]

1. d4 Nf6 2. Bg5 d5 3. Bxf6 exf6 4. e3 Bd6 5. c4 dxc4 6. Bxc4 0-0 7. Nc3 a6 8. Nge2 b5 9. Bd5 Ra7 10. a4 b4 11. Ne4 Be7 12. Qb3 c6 13. Bc4 Nd7 14. a5 f5 15. N4g3 Nf6 16. Nf4 c5 17. d5 Bd6 18. Nge2 Re8 19. h4 Ng4 20. Nd3 Bd7 21. Qc2 Qc7 22. b3 Raa8 23. g3 Ne5 24. Nxe5 Bxe5 25. Ra2 Qd6 26. 0-0 g6 27. Rc1 Qf6 28. Qd3 h6 29. d6 Bc6 30. Bxa6 Be4 31. Qc4 Qxd6 32. Bb5 Red8 33. Kh2 Rac8 34. a6 Qe7 35. f4 Bb8 36. Nd4 Bd5 37. Qc2 Qxe3 38. Nc6 Bxc6 39. Qxc5 Rd2+ 40. Rxd2 Qxd2+ 0-1

[Event "Groningen op 60th"]
[Site "Groningen"]
[Date "2024.12.26"]
[Round "5"]
[White "Ivanov, Dmytro"]
[Black "Duijker, Rick"]
[Result "0-1"]
[WhiteElo "2288"]
[BlackElo "2146"]
[PlyCount "140"]
[EventDate "2024.12.21"]
[EventType "swiss"]
[EventRounds "9"]
[EventCountry "NED"]
[SourceTitle "CB02_2025"]
[SourceDate "2025.01.08"]
[SourceVersion "1"]
[SourceVersionDate "2025.01.08"]
[SourceQuality "1"]

1. c4 Nf6 2. g3 c5 3. Bg2 Nc6 4. Nc3 g6 5. d3 Bg7 6. e4 d6 7. Nge2 h5 8. Bg5 Nh7 9. Be3 Nf8 10. h3 Ne6 11. f4 Ned4 12. 0-0 Nxe2+ 13. Qxe2 Bd4 14. f5 g5 15. f6 exf6 16. Bxd4 Nxd4 17. Qf2 Be6 18. Rae1 Rh6 19. h4 gxh4 20. Qf4 Rg6 21. Nd5 Bxd5 22. exd5+ Kd7 23. Qxh4 f5 24. Qxh5 Qf6 25. Re3 Rag8 26. Bh3 Rg5 27. Qd1 Rxg3+ 28. Rxg3 Rxg3+ 29. Bg2 Qg5 30. Rf2 a6 31. Qa4+ Kc7 32. Qe8 Rxd3 33. Qxf7+ Kb8 34. Qf8+ Ka7 35. Qxd6 Rd1+ 36. Rf1 Rxf1+ 37. Kxf1 Qc1+ 38. Kf2 Qxb2+ 39. Kg1 Qc1+ 40. Kh2 Qxc4 41. Qf4 Qe2 42. Qc7 Nf3+ 43. Kg3 Qe5+ 44. Qxe5 Nxe5 45. Kf4 Nc4 46. Bf1 b5 47. Bxc4 bxc4 48. Kxf5 c3 49. d6 Kb7 50. Ke6 c2 51. d7 c1Q 52. d8Q Qe3+ 53. Kf5 Qf3+ 54. Ke5 Qc6 55. Qf8 Kb6 56. Qb8+ Ka5 57. Qb2 Qa4 58. Kd5 Qb4 59. Qg7 Ka4 60. Qg1 c4 61. Qd1+ Kb5 62. Qc1 c3 63. Qf1+ Ka4 64. Ke6 Qe4+ 65. Kd6 Qd4+ 66. Kc6 Qe4+ 67. Kd6 c2 68. Qxa6+ Kb4 69. Qb6+ Kc3 70. Qb3+ Kd2 0-1

[Event "Groningen op 60th"]
[Site "Groningen"]
[Date "2024.12.21"]
[Round "1"]
[White "Ivanov, Dmytro"]
[Black "Spit, Vincent"]
[Result "1-0"]
[WhiteElo "2288"]
[BlackElo "2113"]
[PlyCount "65"]
[EventDate "2024.12.21"]
[EventType "swiss"]
[EventRounds "9"]
[EventCountry "NED"]
[SourceTitle "CB02_2025"]
[SourceDate "2025.01.08"]
[SourceVersion "1"]
[SourceVersionDate "2025.01.08"]
[SourceQuality "1"]

1. d4 Nf6 2. Nf3 g6 3. c4 Bg7 4. g3 0-0 5. Bg2 c6 6. 0-0 d5 7. Nc3 dxc4 8. a4 Nd5 9. e4 Nxc3 10. bxc3 c5 11. Be3 Bg4 12. Rb1 Qc7 13. dxc5 Nc6 14. Qc2 Rfd8 15. Bf4 Ne5 16. Nd4 Qc8 17. Qa2 Nd3 18. Qxc4 Nxf4 19. gxf4 Bh3 20. f5 Bxg2 21. Kxg2 Qc7 22. f4 Rac8 23. fxg6 hxg6 24. f5 Qxc5 25. Qxc5 Rxc5 26. fxg6 fxg6 27. Rxb7 Bxd4 28. cxd4 Rxd4 29. Rxe7 Rg5+ 30. Kf3 Rxa4 31. Rc1 Kf8 32. Rh7 Kg8 33. Rb7 1-0